| 000 | 00348nam a2200133Ia 4500 | ||
|---|---|---|---|
| 008 | 150201s2014 xx 000 0 und d | ||
| 082 |
_a617.645 _bP2013C |
||
| 100 | _aCASAMASSIMO ,P.S | ||
| 245 | _aPEDIATRIC DENTISTRY : INFANCY THROUGH ADOLESCENE | ||
| 250 | _a5TH | ||
| 260 | _bELSEVIER PUBLICATION | ||
| 650 | _aPEDODONTICS | ||
| 942 |
_2ddc _cBK _03 |
||
| 999 |
_c4858 _d4858 |
||